Vista normal
Vista MARC
- Jornadas Científicas de Investigación sobre Personas con Discapacidad
Entrada Nombre congreso
Número de registros utilizados en: 1
001 - NÚMERO DE CONTROL
- campo de control: 1495
003 - IDENTIFICADOR DEL NÚMERO DE CONTROL
- campo de control: ES-MaFIAP
005 - FECHA Y HORA DE LA ÚLTIMA TRANSACCIÓN
- campo de control: 20231113083813.0
008 - DATOS DE LONGITUD FIJA
- campo de control de longitud fija: 231113|| aca||aabn | a|a d
040 ## - FUENTE DE LA CATALOGACIÓN
- Centro catalogador/agencia de origen: ES-MaFIAP
- Centro/agencia transcriptor: ES-MaFIAP
111 ## - ENCABEZAMIENTO--NOMBRE DE CONGRESO/REUNIÓN
- Nombre de congreso/reunión o jurisdicción como elemento de entrada: Jornadas Científicas de Investigación sobre Personas con Discapacidad
- Número del congreso/reunión o número de parte o sección: 7ª
- Fecha del congreso o de la firma del tratado: 2009
- Sede del congreso/Lugar de la reunión: Salamanca
670 ## - FUENTE DE DATOS ENCONTRADOS
- Cita de la fuente: Work cat.: (ES-MaFIAP)553: Jornadas Científicas de Investigación sobre Personas con Discapacidad 7ª 2009 Salamanca, Mejorando resultados personales para una vida de calidad, [2009]





